30 STATI PIÛ PICCOLI AL MONDO - Statistics

Statistiche generali
  • Questo quiz è stato fatto 114 volte
  • Il punteggio medio è 22 su 30
Statistiche sulle risposte
Risposta % Corretto
SAN MARINO
100%
VATICANO
98%
MONACO
92%
ANDORRA
89%
LIECHTENSTEIN
89%
PALAU
80%
TUVALU
79%
NAURU
77%
MALTA
76%
SAINT VINCENT E GRENADINE
76%
SINGAPORE
76%
TONGA
75%
SAINT KITTS E NEVIS
74%
VANUATU
74%
SANTA LUCIA
73%
SAO TOME E PRINCIPE
72%
SAMOA
71%
BRUNEI
70%
KIRIBATI
70%
GRENADA
68%
MICRONESIA
67%
BARBADOS
66%
DOMINICA
65%
SEYCHELLES
65%
COMORE
60%
MALDIVE
59%
MAURITIUS
58%
BAHAMAS
55%
MARSHALL
46%
BAHREIN
40%
Nessun quiz corrispondente trovato
Distribuzione punteggi
Percentuale di utenti per punteggio
Percentile per numero di risposta
I tuoi punteggi nel tempo
Non hai fatto questo quiz